000 00539cam a2200181 i 4500
999 _c13319
_d13319
020 _a9781848722712 (hardback)
020 _a1848722710 (hardback)
020 _a9781848722729 (pbk.)
020 _a1848722729 (pbk.)
082 0 0 _a612.8/233
_b10382
100 1 _aWard, Jamie,
245 1 4 _aThe student's guide to cognitive neuroscience /
_cJamie Ward.
250 _aThird edition.
260 _aLondon
_bPsychology Press
_c2015
300 _axii, 536 pages :
_billustrations ;
650 0 _aCognitive neuroscience.
942 _cBIOSCIENCE